00574cam a2200205ua 45000010006000000050017000060080039000230200018000620400009000800410008000890820012000971000033001092450083001422500012002252600048002373000010002856530021002956530021003166530031003371047020260515114627.0190227n ii |||gr||||Z||||||asm a9788186385289 cMAIN aasm a954.162 aRanjit Sabhapandit,eAuthor. aSaiyad Saddullar pora Gopinath Bordoloi loi (1937-50)bAsomor rajnaitik itihas a1st ed. aGuwahati:bAssam publishing company,c2014. a232p. aSouth Asia India aHistory of Assam aPolitical history of Assam